00281nam a2200121Ia 4500008004100000100000900041245004100050260002600091300000800117650001000125942000700135999001700142190216s9999||||xx |||||||||||||| ||und|| aNull 0aHindi-Namil Shob Mukth Kabi Naynumar bPoorna Pubs Kozhikode a191 aHindi cBK c15938d15938